000
00293nam a2200121Ia 4500
008
220204s9999 xx 000 0 und d
082
_a
159.928
_b
LEG
100
_a
Barber, Paul J
245
0
_a
Information and skill
260
_a
London
_b
Methuen
_c
1976
700
_a
Legge, David
942
_c
BK
999
_c
26331
_d
26331